| 000 | 00869 a2200229 4500 | ||
|---|---|---|---|
| 005 | 20081010160050.0 | ||
| 008 | 081010t xxu||||| |||| 00| 0 ur d | ||
| 010 | _aUR-7228 | ||
| 020 |
_c125.00 _a8188413429 |
||
| 035 | _aU-5795 | ||
| 037 | _bD.B.Act/pub | ||
| 082 | _a847 | ||
| 100 | _aسبط اختر | ||
| 245 |
_aغبار خا کی _cسبط اختر |
||
| 246 |
_aGubar-e-Khaki _bby Sibte Akhter |
||
| 260 |
_aنئ دھلی _bايم آر پبليکيشنز _c2007 |
||
| 270 |
_a2652/55،پہلی منزل کوچہ چيلان دريا گنج _bنئ دھلی _e110002 _k9810784549 _mabdus26@hotmail.com |
||
| 300 |
_a142p _c22cm/Hb |
||
| 650 | _aمز ا حيہ | ||
| 942 |
_adpl _cUR _k/ _2ddc _h847 _mس ب ط |
||
| 999 |
_c2587 _d2587 |
||